Central Library OPAC University of Rajshahi

Parent-infant interaction / (Record no. 67223)

MARC details
000 -LEADER
fixed length control field 01052nam a2200277 a 4500
001 - CONTROL NUMBER
control field 67223
003 - CONTROL NUMBER IDENTIFIER
rucl marc code BD-RjUL
005 - DATE AND TIME OF LATEST TRANSACTION
control field 20211209081628.0
008 - FIXED-LENGTH DATA ELEMENTS--GENERAL INFORMATION
fixed length control field 170323s1975 ne a b 101 0 eng
020 ## - INTERNATIONAL STANDARD BOOK NUMBER
International Standard Book Number 0444151818 (American Elsevier) :
Terms of availability fl 53.00
035 ## - SYSTEM CONTROL NUMBER
System control number (BD-RjUL)67354
040 ## - CATALOGING SOURCE
Original cataloging agency DLC
Transcribing agency DLC
Modifying agency BD-RjUL
Language of cataloging eng
041 ## - LANGUAGE CODE
Language code of text/sound track or separate title eng
082 00 - DEWEY DECIMAL CLASSIFICATION NUMBER
Classification number 155.422
Edition number 23
Author mark and year PAR 1975
245 10 - TITLE STATEMENT
Title Parent-infant interaction /
Statement of responsibility, etc. Symposium on the Parent-Infant Relationship
260 ## - PUBLICATION, DISTRIBUTION, ETC. (IMPRINT)
Place of publication, distribution, etc. Amsterdam ;
-- New York :
Name of publisher, distributor, etc. Elsevier : Excerpta Medica,
Date of publication, distribution, etc. 1975.
300 ## - PHYSICAL DESCRIPTION
Pagination viii, 324 p. :
Illustrations ill. ;
Size 25 cm.
490 1# - SERIES STATEMENT
Series statement Ciba Foundation Symposium ; (new ser.) 33
500 ## - GENERAL NOTE
General note Proceedings of the symposium held at the Ciba Foundation, London, 5th-7th Nov. 1974.
504 ## - BIBLIOGRAPHY, ETC. NOTE
Bibliography, etc Includes bibliographies and indexes.
650 #0 - SUBJECT ADDED ENTRY--TOPICAL TERM
Topical term or geographic name as entry element Infant psychology
General subdivision Congresses.
9 (RLIN) 170609
Topical term or geographic name as entry element Parent and infant
General subdivision Congresses.
9 (RLIN) 199167
710 2# - ADDED ENTRY--CORPORATE NAME
Corporate name or jurisdiction name as entry element Ciba Foundation.
9 (RLIN) 199168
711 ## - ADDED ENTRY--MEETING NAME
Meeting name or jurisdiction name as entry element Symposium on the Parent-Infant Relationship,
Location of meeting London, Eng.,
Date of meeting 1974.
9 (RLIN) 199166
942 ## - ADDED ENTRY ELEMENTS (KOHA)
Source of classification or shelving scheme Dewey Decimal Classification
Koha item type Books
Holdings
Lost status Source of classification or shelving scheme Damaged status Not for loan Collection code Permanent Location Current Location Shelving location Date acquired Source of acquisition Total Checkouts Full call number Date last seen Copy number Koha item type
  Dewey Decimal Classification   Not For Loan Non-fiction Central Library, University of Rajshahi Central Library, University of Rajshahi Reading Room 07/04/1979 Netherland   155.422 PAR 1975 23/03/2017 C-1 Books